00745nam a22001577a 4500008004100000040000800041082002100049245006900070260001300139300002600152336002700178337003300205338002900238505024300267650007700510260701b mx ||||| |||| 000 0 spa d bspa04a344.7245046bQ47 aLEY ESTATAL DEL EQUILIBRIO ECOLOGICO Y LA PROTECCION AL AMBIENTE aMÉXICO a21c21.5 cm x 16.5 cm 2rdacontentatextobtxt 2rdamediaasin mediaciónbn 2rdacarrieravolumen bnc aESTABLECE EL MARCO LEGAL PARA CONSERVAR LOS RECURSOS NATURALES, REGULAR EL USO DEL TERRITORIO Y PREVENIR LA CONTAMINACIÓN EN EL ESTADO. SU OBJETIVO PRINCIPAL ES GARANTIZAR EL DESARROLLO SUSTENTABLE Y LA PROTECCIÓN DEL MEDIO AMBIENTE.  aCIENCIAS SOCIALESvDERECHOxDERECHO LABORAL, SOCIAL, EDUCATIVO, CULTURAL